Obchodovanie na komoditných burzách so zameraním na obchodovanie s elektrickou energiou diplomová práca

Enregistré dans:
Détails bibliographiques
Auteur principal: Bachratá, Kristína
Collectivité auteur: Obchodná fakulta EU. Katedra tovaroznalectva a kvality tovaru
Autres auteurs: Jurkovičová, Lujza
Format: Livre
Langue:slovaque
Publié: Bratislava 2015
Tags: Ajouter un tag
Pas de tags, Soyez le premier à ajouter un tag!

MARC

LEADER 00000nbm a2200000 4500
001 0201518
005 20161212104603.6
041 0 |a slo 
044 |a SK 
245 1 0 |a Obchodovanie na komoditných burzách so zameraním na obchodovanie s elektrickou energiou  |b diplomová práca  |c Kristína Bachratá ; školiteľ: Lujza Jurkovičová 
264 1 |a Bratislava  |c 2015 
300 |a 59 s. 
100 1 |a Bachratá, Kristína 
700 1 |a Jurkovičová, Lujza 
710 2 |a Obchodná fakulta EU. Katedra tovaroznalectva a kvality tovaru